[Event "Lyon Rhone op"]
[Site "Lyon"]
[Date "2006.??.??"]
[Round "3"]
[White "Senni, Younes"]
[Black "Gouanelle, Franck"]
[Result "1-0"]
[WhiteElo "1900"]
[BlackElo "2152"]
[PlyCount "133"]
[EventDate "2006.04.??"]
[EventType "swiss"]
[EventRounds "9"]
[EventCountry "FRA"]
[SourceTitle "EXT 2007"]
[Source "ChessBase"]
[SourceDate "2006.11.23"]
[SourceVersion "1"]
[SourceVersionDate "2006.11.23"]
[SourceQuality "1"]

1. d4 d5 2. c4 Nc6 3. e3 e5 4. dxe5 d4 5. a3 a5 6. Nf3 Bc5 7. exd4 Bxd4 8. Be2 Bf5 9. 0-0 Nge7 10. Nc3 Bxc3 11. bxc3 Qc8 12. Nd4 Nxe5 13. Bf4 N7g6 14. Bxe5 Nxe5 15. f4 Ng6 16. Nxf5 Qxf5 17. Bg4 Qc5+ 18. Kh1 0-0 19. Qd4 Qxd4 20. cxd4 Rad8 21. Rad1 Rfe8 22. f5 Nf8 23. Rd3 Re4 24. Bf3 Rexd4 25. Rb3 b6 26. Bd5 Nd7 27. Rc3 Kf8 28. h3 Ne5 29. f6 g6 30. Re1 c6 31. Rxe5 cxd5 32. Rxd5 R4xd5 33. cxd5 Ke8 34. Re3+ Kd7 35. Re7+ Kd6 36. Rxf7 Kxd5 37. Rb7 Kc5 38. Kh2 Rf8 39. f7 Kc6 40. Ra7 b5 41. Kg3 b4 42. axb4 axb4 43. Kg4 h6 44. Ra4 Kb5 45. Ra7 b3 46. Rb7+ Kc4 47. Rc7+ Kd3 48. Rb7 Kc2 49. Rc7+ Kb1 50. Kf4 b2 51. Ke5 Ka1 52. Ra7+ Kb1 53. Rb7 Kc1 54. Kf6 g5 55. Kg7 Rc8 56. f8Q Rxf8 57. Kxf8 h5 58. Kg7 g4 59. hxg4 hxg4 60. Kg6 b1Q+ 61. Rxb1+ Kxb1 62. Kg5 g3 63. Kg4 Kc2 64. Kxg3 Kd3 65. Kf4 Kd4 66. Kf5 Kd5 67. g4 1-0

[Event "Cannes op"]
[Site "Cannes"]
[Date "2000.02.20"]
[Round "1"]
[White "Lecuyer, Christian"]
[Black "Senni, Younes"]
[Result "1-0"]
[WhiteElo "2270"]
[BlackElo "2081"]
[PlyCount "53"]
[EventDate "2000.02.20"]
[EventType "swiss"]
[EventRounds "9"]
[EventCountry "FRA"]
[SourceTitle "EXT 2001"]
[Source "ChessBase"]
[SourceDate "2000.11.22"]
[SourceVersion "1"]
[SourceVersionDate "2000.11.22"]
[SourceQuality "1"]

1. c4 Nf6 2. g3 g6 3. Bg2 Bg7 4. Nc3 0-0 5. e4 d6 6. Nge2 Nc6 7. 0-0 Re8 8. d3 e5 9. h3 Be6 10. Nd5 Qd7 11. Bg5 Bxd5 12. cxd5 Nd4 13. Nxd4 exd4 14. Qd2 Qb5 15. Rfc1 Rac8 16. a4 Qa6 17. b4 c6 18. dxc6 bxc6 19. h4 Ng4 20. Bh3 Ne5 21. b5 cxb5 22. Bxc8 Rxc8 23. axb5 Qxa1 24. Rxa1 Nf3+ 25. Kf1 Nxd2+ 26. Bxd2 Rc7 27. b6 1-0